Central Library OPAC University of Rajshahi

Seventeenth-century verse and prose / (Record no. 18366)

MARC details
000 -LEADER
fixed length control field 00880nam a2200253 a 4500
001 - CONTROL NUMBER
control field 18366
003 - CONTROL NUMBER IDENTIFIER
rucl marc code BD-RjUL
005 - DATE AND TIME OF LATEST TRANSACTION
control field 20211209000256.0
008 - FIXED-LENGTH DATA ELEMENTS--GENERAL INFORMATION
fixed length control field 140220r19511957nyu 001 0 eng d
035 ## - SYSTEM CONTROL NUMBER
System control number (BD-RjUL)18424
040 ## - CATALOGING SOURCE
Original cataloging agency ANL
Language of cataloging eng
Transcribing agency ANL
Modifying agency AUC
-- BD-RjUL
041 ## - LANGUAGE CODE
Language code of text/sound track or separate title eng
082 04 - DEWEY DECIMAL CLASSIFICATION NUMBER
Classification number 820.8
Author mark and year WHS 1957
100 1# - MAIN ENTRY--PERSONAL NAME
Personal name White, Helen C.
Fuller form of name (Helen Constance),
Dates associated with a name 1896-1967.
9 (RLIN) 56558
245 10 - TITLE STATEMENT
Title Seventeenth-century verse and prose /
Statement of responsibility, etc. by Helen C. White, Ruth C. Wallerstein and Ricardo Quintana.
Number of part/section of a work Volume One :
Name of part/section of a work 1600-1660.
260 ## - PUBLICATION, DISTRIBUTION, ETC. (IMPRINT)
Place of publication, distribution, etc. New York :
Name of publisher, distributor, etc. Macmillan,
Date of publication, distribution, etc. 1951 [reprinted 1957].
300 ## - PHYSICAL DESCRIPTION
Pagination xii, 498 p. ;
Size 24 cm.
504 ## - BIBLIOGRAPHY, ETC. NOTE
Bibliography, etc Includes index.
650 #0 - SUBJECT ADDED ENTRY--TOPICAL TERM
Topical term or geographic name as entry element English literature
Chronological subdivision Early modern, 1500-1700.
9 (RLIN) 56559
700 1# - ADDED ENTRY--PERSONAL NAME
Personal name Quintana, Ricardo.
Personal name Wallerstein, Ruth C.
Fuller form of name (Ruth Coons),
Dates associated with a name 1893-1958.
942 ## - ADDED ENTRY ELEMENTS (KOHA)
Source of classification or shelving scheme Dewey Decimal Classification
Koha item type Books
Holdings
Lost status Source of classification or shelving scheme Damaged status Not for loan Collection code Permanent Location Current Location Shelving location Date acquired Source of acquisition Cost, normal purchase price Total Checkouts Full call number Date last seen Copy number Koha item type
  Dewey Decimal Classification   Not For Loan Non-fiction Central Library, University of Rajshahi Central Library, University of Rajshahi Reading Room 15/01/1958 West Pak. Publishing. 23.70   820.8 WHS V-1 1957 20/02/2014 C-1 Books
  Dewey Decimal Classification   Not For Loan Non-fiction Central Library, University of Rajshahi Central Library, University of Rajshahi Reading Room 03/02/2020       820.8 WHS 1952 V-2 03/02/2020 C-1 Books